1820 1481 1315 1964 1354 1769 1965 1249 1087 1946 1629 1629 1147 1097 1683 1727 1464 1360 1100 1752 1000 1126 1076 1941 1078 1017 1175 2000 1338 2000 1520 1523 1933 1763 1208 1489 1034 1173 1992 1274 1000 1778 1940 1498 1873 1299 1222 1377 1707 1188 1653 1122 1293 1799 1409 1354 1365 1584 1909 1582 1578 1174 1704 1957 1691 1324 1823 1031 1743 1400 1904 1560 1887 1573 1225 1577 1036 1605 1303 1151 1706 1337 1923 1644 1198 1816 1798 1370 1520 1479 1097 1550 1808 1876 1716 1104 1502 1950 1809 BCNSPRNW ULIB Ver.6.0+V

เปลี่ยนเป็นภาษาไทย

Change to English
 แสดงรายละเอียดบรรณานุกรม
  กลับหน้าหลัก

Brief Record : Get Marc (ISO 2709) : E-mail record : QR code < ปิดหน้าต่าง
LEADER : 00000nam 2200000uu 4500
001    13399121509
003     ULIB
008    121122s2546||||th 000 0 tha d
020    ^a9749021959 (ล.1)
050  4 ^aPL4152^bส113ก ล.1
100 0  ^aส.พลายน้อย
245 10 ^aเกร็ดภาษาหนังสือไทย /^cส. พลายน้อย
250    ^aพิมพ์ครั้งที่ 6
260    ^aกรุงเทพฯ :^bพิมพ์คำ,^c2546
300    ^a2 เล่ม ;^c21 ซม.
650  4 ^aภาษาไทย^xการใช้ภาษา
650  4 ^aภาษาไทย^xคำศัพท์
945    ^p140^l0^i18131
995    ^aวิภา
999 ^a ทศพร
รายการนี้ยังไม่มีแท็ก
คุณยังไม่ได้ล็อกอิน คุณสามารถมีกิจกรรมร่วมกับเว็บไซต์ได้ แต่ต้องล็อกอินก่อน ::
  ล็อกอิน

รายการสื่อสารสนเทศ

ลำดับที่ ประเภท เลขเรียก/บาร์โค้ด สถานที่ สถานะ
1. วิทยาศาสตร์การแพทย์ และสุขภาพ
วิทยาศาสตร์การแพทย์ และสุขภาพ
PL4152 ส113ก ล.1  
  Barcode: 18131
ห้องสมุดวิทยาเขตสวรรค์ประชารักษ์
►หนังสือทั่วไป
บนชั้น

รายการใกล้เคียง
    ผู้แต่ง [ส.พลายน้อย]

BibComment


ยังไม่เคยถูกคอมเมนท์

คอมเมนท์ทรัพยากรรายการนี้
  คอมเมนท์: เกร็ดภาษาหนังสือ..


 Copyright 2026. Bcnsprnw @Library